000 00891cam a22002893a 4500
001 20132
003 PGUSA
005 20140828083427.0
008 061219s2006||||xxu|||||s|||||000 1 eng d
040 _aPGUSA
_beng
042 _adc
050 4 _aPZ
100 1 _aRockwood, Roy
245 1 4 _aThe Wizard of the Sea; Or, A Trip Under the Ocean
_h[electronic resource] /
_cRoy Rockwood
260 _bProject Gutenberg,
_c2006
506 _aPublic domain in the USA.
516 _aElectronic text
653 _aVoyages and travels -- Juvenile fiction
653 _aConduct of life -- Juvenile fiction
653 _aSubmarines (Ships) -- Juvenile fiction
653 _aStudents -- Juvenile fiction
653 _aTeachers -- Juvenile fiction
653 _aAdventure stories
830 0 _aProject Gutenberg
_v20132
856 4 0 _uhttp://www.gutenberg.org/ebooks/20132
942 _cEB
999 _c249387
_d249387